000 00346nam a2200145Ia 4500
005 20251222151328.0
008 251222s9999||||xx |||||||||||||| ||spa||
020 _a8420611085
082 _a813.52/H19
100 _aHammentt, Dashiell
245 0 _aLa Llave de Cristal
250 _a1ra.ed.
264 _bAlianza Editorial, S.A.
942 _cLIB
999 _c23986
_d23986